Normal view
MARC view
Entry Topical Term
001 - CONTROL NUMBER
- control field: 2652
003 - CONTROL NUMBER IDENTIFIER
- control field: Ke-BoTe
005 - DATE AND TIME OF LATEST TRANSACTION
- control field: 20220131105212.0
008 - FIXED-LENGTH DATA ELEMENTS
- fixed length control field: 220131|| aca||aabn | a|a d
040 ## - CATALOGING SOURCE
- Original cataloging agency: Ke-BoTe
- Transcribing agency: Ke-BoTe
150 ## - HEADING--TOPICAL TERM
- Topical term or geographic name entry element: Depression
- General subdivision: Therapy
670 ## - SOURCE DATA FOUND
- Source citation: Work cat.: (Ke-BoTe)1325: Williams, J. Mark G. 2651, The psychological treatment of depression :, c1984.
